| 000 | 00391nam a2200109Ia 4500 | ||
|---|---|---|---|
| 008 | 171204s9999 xx 000 0 und d | ||
| 245 | _aHandbook of Research on the Societal Impact of Digital Media: | ||
| 245 | _cBarbara Guzzetti and Mellinee Lesley | ||
| 260 | _c2016 | ||
| 650 | _xDIGITAL INFORMATION AND COMMUNICATION DEVELOPMENT | ||
| 856 | _uhttp://down.ebook777.com/058/9781466683105.pdf | ||
| 999 |
_c346297 _d346297 |
||